Регионална библиотека "Любен Каравелов" - Русе

Теория на литературата (Запис номер 9039)

MARC детайли
000 -Лидер
Контролно поле с фиксирана дължина 01223nam a2200301 c 4500
003 - Код на организацията, давaща контролен номер
Контролно поле BLK
005 - Дата и час на последна редакция
Контролно поле 20220319161628.0
008 - Елементи от данни с фиксирана дължина
fixed length control field 180412b bul|||||r ||||||| ||bul||
010 ## - Наследен системен номер
LC control number KNG00010434000
020 ## - Международен стандартен номер на книга ISBN
Международен стандартен номер на книга ISBN 954-01-0722-9
-- издат.: Ал. Панов
040 ## - Източник на каталожния запис
Идентификатор на билиотеката - собственик на записа BLK
041 ## - Код за език
Код за езика на текст/звукозапис или на отделно заглавие Български
Код за езика КДБФ Български
080 ## - УДК
Текстов определител УДК Теория на литературата. Литературна техника
УДК код - определител по УДК 82.01/.09
УДК определител (075.3)
УДК - код + определител 82.01/.09(075.3)
100 1# - Редна дума - Автор
Автор Панов, Александър Асенов
Авторска отговорност първи автор
R(LIN) 254066
139 ## - Редно поле
Редна дума Панов, Александър Асенов
Авторски знак Пано - П 18
245 10 - Сведения за заглавието
Заглавие Теория на литературата
Подзаглавни данни Осн. понятия : За гимназиалния курс
Редно поле (дума) Александър Асенов Панов.
257 ## - Страна на издаване
Страна на създаване/издаване България
260 ## - Област на издателските данни
-- София
Име на издателя, разпространителя и проч. Ал. Панов
Година на издаване 1995
Печатница В. Търново : Абагар
300 ## - Физическа характеристика
Страници 239 с.
Размери/Мащаб 24 см
380 ## - Жанр
Жанр Литературознание
500 ## - Общи забележки
Забележка Авт. не е отбелязан на кор ; 4 000 тир.
650 #4 - Допълнително описание по предмет – тема
Основно описание – тема или топоним Литература - теория - учебници
9 (RLIN) 254067
852 ## - Местоположение
Форматна сигнатура Цб 184281
856 4# - Електронен адрес и достъп
Електронен формат pdf - файл
Път до файла /url/
856 4# - Електронен адрес и достъп
Електронен формат pdf - файл
Път до файла /url/
942 ## - АРТИКУЛИ
Вид на библиотечния материал Книги
Скрит в OPAC Не
Koha issues (borrowed), all copies 6
944 ## - СЪЗДАВАНЕ И РЕДАКЦИЯ на ЗАПИСА
Създаване/Редакция Създаване
Дата на регистрацията/редакция 15.01.2003
Служител, извършил регистрацията/редакцията Кети_Илиева
944 ## - СЪЗДАВАНЕ И РЕДАКЦИЯ на ЗАПИСА
Създаване/Редакция Редакция
Дата на регистрацията/редакция 12.10.2005
Служител, извършил регистрацията/редакцията
999 ## - СИСТЕМНИ КОНТРОЛНИ НОМЕРА
Koha biblionumber 9039
Koha biblioitemnumber 9039
Наличности
Код за отписване Код за изгубен артикул Източник на класификационната схема Код за повреда Коз за рестрикции Код за отдаване Артикулен № Име на библиотеката - собственик Име на библиотеката, в която се намира в момента Статус (Текущо местоположение) Дата на вписване в системата Местоположение - отдел Цена в лева Инвентарен номер Систематично азбучна сигнатура Баркод Номер на екземпляра Цена в евро Служебна бележка Служебен тип на артикула
  Не е изгубен Universal Decimal Classification Не е повреден без рестрикции ползва се в читалня 15748 Регионална библиотека "Любен Каравелов" Русе Регионална библиотека "Любен Каравелов" Русе Читалня 2001-01-01 Читалня 1.17 616616 Ч 82.0/П 18 120000616616 1 0.60 Дата инв: 27.03.2017 Бележки инв: Ч2017 Книги
  Не е изгубен Universal Decimal Classification Не е повреден без рестрикции заемане за дома 15749 Регионална библиотека "Любен Каравелов" Русе Регионална библиотека "Любен Каравелов" Русе Заемна - подръчен фонд 2001-01-01 Заемна - подръчен фонд 1.17 616618 82.01/.09/П 18 120000616618 2 0.60 Дата инв: 08.02.2018 Бележки инв: П2018 Книги
Изтеглен Не е изгубен Universal Decimal Classification Не е повреден без рестрикции заемане за дома 15750 Регионална библиотека "Любен Каравелов" Русе Регионална библиотека "Любен Каравелов" Русе Заемна - подръчен фонд 2001-01-01 Заемна - подръчен фонд 1.17 616619 П 82.0/П 18 616619 3 0.60   Книги
  Не е изгубен Universal Decimal Classification Не е повреден без рестрикции заемане за дома 15751 Регионална библиотека "Любен Каравелов" Русе Регионална библиотека "Любен Каравелов" Русе Заемна - подръчен фонд 2001-01-01 Заемна - подръчен фонд 1.17 616620 82.01/.09/П 18 120000616620 4 0.60 Дата инв: 08.02.2018 Бележки инв: П2018 Книги
  Не е изгубен Universal Decimal Classification Не е повреден без рестрикции ползва се в читалня 15752 Регионална библиотека "Любен Каравелов" Русе Регионална библиотека "Любен Каравелов" Русе Хранилище 2001-01-01 Хранилище 0.78 619239 Цб 184281 120000619239 5 0.40 Дата инв: 21.08.2014 Бележки инв: Цб2014 Книги
Vip Innovations Ltd, Rousse, Bulgaria 2025